31 - 鳥取県の自治体(Text) - Statistics

General Stats
  • This quiz has been taken 45 times
    11 since last reset
  • The average score is 13 of 19
Answers on the Map
Answers color-coded by a green-red scale on the quiz's map according to % correct below.
 
Answer Stats
市町村 % Correct
境港さかいみなと
100%
鳥取とっとり
100%
倉吉くらよし
88%
西伯さいはくぐん 日吉津ひえづそん
88%
米子よなご
88%
岩美いわみぐん 岩美いわみちょう
75%
東伯とうはくぐん 琴浦ことうらちょう
75%
西伯さいはくぐん 大山だいせんちょう
75%
西伯さいはくぐん 伯耆ほうきちょう
75%
日野ひのぐん 日南にちなんちょう
63%
日野ひのぐん 日野ひのちょう
63%
東伯とうはくぐん 北栄ほくえいちょう
63%
東伯とうはくぐん 三朝みささちょう
63%
日野ひのぐん 江府こうふちょう
50%
八頭やずぐん 智頭ちづちょう
50%
西伯さいはくぐん 南部なんぶちょう
50%
八頭やずぐん 八頭やずちょう
50%
東伯とうはくぐん 湯梨浜ゆりはまちょう
50%
八頭やずぐん 若桜わかさちょう
50%
No matching quizzes found
Score Distribution
Percent of People with Each Score
Percentile by Number Answered
Your Score History
You have not taken this quiz since the last reset